000 00223nam a2200097Ia 4500
008 240331s9999 xx 000 0 und d
082 _bVAN
100 _aVanamamalai, N
245 0 _aThamilar panpadum thaththuvamum
942 _cL
999 _c2127
_d2127